000 00612nam a2200217Ia 4500
005 20230102100638.0
008 131103s9999 xx 000 0 und d
040 _aLoreto College
041 _aEnglish
082 _a822.09
_bBRO
245 _aRestoration theatre
_c[edited by] John Russell Brown & Bernard Harris
260 _aLondon
_bEdward Arnold
_c1965
300 _a239 p.
440 _aStandford upon avon studies; no. 6
504 _aIncludes index
650 _aEnglish Drama
651 _a1625-1702 - Drama - Criticism
700 _aBrown, John Russell, ed.
850 _aLCLIB
942 _cBK
999 _c6671
_d57150